000
00334nam a22001337a 4500
020
_a
978-8122500790
041
_a
ENG
100
_a
C.B Mamoria.C.B
245
_a
Principles And Practice Of Marketing In India
260
_a
New Delhi
_b
Kitab Mahal
_c
2001
300
_a
860
650
_a
Agricultural
856
_u
Agricultural ( 19 )
999
_c
2181
_d
2181